00421nam a22001457a 4500008004100000020001500041050002800056100001500084245006200099260003200161300001600193650002900209650001900238700001800257200724b xxu||||| |||| 00| 0 eng d a0521172318 aHD9000.6b.T94 1992 c.1 aTyers, Rod aDisarray in World Food MarketsbA quantitative Assessment aNew York bCambridge c1992 axxiv, 444p. aFood industry and trade  aproduce trade  aKym Anderson